000 00452nam a2200181Ia 4500
001 7377
005 20260306160451.0
008 260306t2010||||xx |||||||||||||| ||spa||
041 _aESP
082 _a338.881
_bT21
100 _aTapscott, Don
_eAUT
245 0 _aWikinomics:
_bla nueva economía de las multitudes inteligentes
260 _c2010
300 _a440 páginas :
_c19 cm.
650 _aGEN
654 _aCAN
942 _cLIB
_dJUS
_fJUS
_2ddc
_n
999 _c7377
_d7377